France Densité de population des départements 1 - Statistiques

Statistiques générales
  • Ce quiz a été pris 42 fois
    28 depuis la dernière actualisation
  • Le résultat moyen est 16 sur 49
Statistiques - réponses
Hint Réponse % Correct
Paris + de 10000
76%
Loiret De 100 à 149
62%
Morbihan De 100 à 149
57%
Seine-Saint-Denis De 1000 à 9999
52%
Indre-et-Loire De 100 à 149
52%
Ain De 100 à 149
52%
Haut-Rhin De 200 à 249
52%
Finistère De 100 à 149
48%
Val-de-Marne De 1000 à 9999
43%
Gironde De 150 à 199
43%
Haute-Garonne De 200 à 249
43%
Eure De 90 à 99
43%
Hauts-de-Seine De 1000 à 9999
38%
Maine-et-Loire De 100 à 149
38%
Sarthe De 90 à 99
38%
Gard De 100 à 149
33%
Pyrénées-Orientales De 100 à 149
33%
Vendée De 100 à 149
33%
Doubs De 100 à 149
33%
Loire De 150 à 199
33%
Loire-Atlantique De 200 à 249
33%
Bas-Rhin De 200 à 249
33%
Pas-de-Calais De 200 à 249
33%
Bouches-du-Rhône De 250 à 499
33%
Calvados De 100 à 149
29%
Meurthe-et-Moselle De 100 à 149
29%
Ille-et-Vilaine De 150 à 199
29%
Moselle De 150 à 199
29%
Vaucluse De 150 à 199
29%
Seine-et-Marne De 200 à 249
29%
Belfort De 200 à 249
29%
Nord De 250 à 499
29%
Réunion De 250 à 499
29%
Martinique De 250 à 499
29%
Somme De 90 à 99
29%
Val-d'Oise De 1000 à 9999
24%
Oise De 100 à 149
24%
Isère De 150 à 199
24%
Alpes-Maritimes De 250 à 499
24%
Yvelines De 500 à 999
24%
Hérault De 150 à 199
19%
Essonne De 500 à 999
19%
Charente-Maritime De 90 à 99
19%
Seine-Maritime De 150 à 199
14%
Var De 150 à 199
14%
Haute-Savoie De 150 à 199
14%
Mayotte De 500 à 999
14%
Guadeloupe De 200 à 249
10%
Rhône De 150 à 199
0%
Aucun quiz correspondant
Distribution des résultats
% des personnes avec chaque résultat
Percentile par nombre de réponses
Votre historique - résultats
Vous n’avez pas pris ce quiz depuis la dernière actualisation